000 00603nam a2200229Ia 4500
003 OSt
005 20221005123829.0
006 a|||||r|||| 00| 0
007 ta
008 221004b |||||||| |||| 00| 0 mal d
024 _a54244
037 _cTextual
040 _aCRL
_cCRL
_bmal
041 _2mal
_amal
082 _aO32vN<-A, 33L6
100 _aNair Parameswaran Au.
_9634283
245 0 _aMalayala Sahitya chaitre
260 _c1976
650 _aMALAYALAM LITERATURE
_938866
942 _hO32vN<-A, 33L6
_cTEXL
_2cc
999 _c1048634
_d1048634